Songs by Decade #6 - Statistics

General Stats
  • This quiz has been taken 21 times
  • The average score is 15 of 25
Answer Stats
Hint Extra Hint Answer % Correct
Y.M.C.A. Village People 1970s
86%
Footloose Kenny Loggins 1980s
86%
I Want It That Way Backstreet Boys 1990s
86%
In The Air Tonight Phil Collins 1980s
81%
You Give Love A Bad Name Bon Jovi 1980s
81%
Philadelphia Freedom Elton John 1970s
76%
Little Red Corvette Prince 1980s
76%
HOT TO GO! Chappell Roan 2020s
76%
Fat Bottomed Girls Queen 1970s
71%
Just A Girl No Doubt 1990s
71%
That’s What I Like Bruno Mars 2010s
67%
Rebel Rebel David Bowie 1970s
62%
I'm Gonna Be (500 Miles) The Proclaimers 1980s
62%
Fast Car Tracy Chapman 1980s
57%
I Kissed A Girl Katy Perry 2000s
57%
Broken Wings Mr. Mister 1980s
52%
Crazy On You Heart 1970s
48%
Whip It Devo 1980s
48%
Only Happy When It Rains Garbage 1990s
48%
Semi-Charmed Life Third Eye Blind 1990s
43%
Piece of My Heart Big Brother and the Holding Company 1960s
38%
Scatman (Ski-Ba-Bop-Ba-Dop-Bop) Scatman John 1990s
38%
Instant Crush Daft Punk 2010s
38%
Untitled (How Could This Happen to Me?) Simple Plan 2000s
33%
Bye Bye Bye NSYNC 2000s
19%
No matching quizzes found
Score Distribution
Percent of People with Each Score
Percentile by Number Answered
Your Score History
You have not taken this quiz